| 000 | 00751na a2200265 4500 | ||
|---|---|---|---|
| 001 | 21498 | ||
| 003 | MIRAKIL | ||
| 005 | 20181213155218.0 | ||
| 008 | 170205b tu 000 0 | ||
| 020 | _a9756051300395 | ||
| 040 |
_aMilas _btur _cTR-AnCHP |
||
| 041 | _atur | ||
| 082 |
_aCHP 324.2171 _bS55t 2009 |
||
| 090 | _aCHP 324.2171 S55t 2009 | ||
| 100 |
_aSimav, Akın _d1939-1988 |
||
| 245 |
_aTuran Güneş'in siyasal kavgaları _cAkın Simav |
||
| 250 | _a2. bs. | ||
| 260 |
_aİstanbul _bAgora kitaplığı _c2009 |
||
| 300 |
_a278 s. _bfotg. _c24 sm. |
||
| 490 |
_aAgora kitaplığı _v248 |
||
| 490 |
_aAnı-Anlatı _v9 |
||
| 600 |
_aGüneş, Turan _kAnılar |
||
| 651 |
_aTürkiye _vSiyaset ve yönetim _y1954-1982 |
||
| 942 |
_2dcc _cBKS |
||
| 999 |
_c8622 _d8622 |
||